| 000 | 00717nas a2200241 i 4500 | ||
|---|---|---|---|
| 001 | 126478 | ||
| 003 | ES-MaACL | ||
| 005 | 20250415200809.0 | ||
| 007 | t| | ||
| 008 | 070214d1979 sp | r z|0010||pa d | ||
| 245 | 0 | 0 |
_aRepertorio de legislación de Navarra / _cestudio y redacción por Editorial Aranzadi. |
| 260 |
_aPamplona : _bDiputación Foral de Navarra, _c1979- |
||
| 300 |
_a2 v. ; _c24 cm. |
||
| 310 | _aAnual | ||
| 362 | 0 | _aN. 1 (en. 1979)- | |
| 655 | 7 |
_2tgfbne _9226866 _aRevistas |
|
| 710 | 1 |
_aNavarra (Comunidad Autónoma). _bDiputación Foral. _95984 |
|
| 852 |
_aES-MaACL _jP-174 _bR.103174 |
||
| 866 | 0 | _o1981-1982. | |
| 942 |
_2udc _cPERIODICA |
||
| 999 |
_c126478 _d126478 |
||